| 000 | 00867nam a2200229Ii 4500 | ||
|---|---|---|---|
| 003 | JO-AjNU | ||
| 008 | 230605s9999||||xx |||||||||||||| ||und|| | ||
| 017 | _a1999/15692 | ||
| 020 | _a977-02-5908-X | ||
| 040 |
_aJO-AjNU _bara _erda _cJO-AjNU |
||
| 041 | _aara | ||
| 050 | 1 | 4 | _aBP135.A3.S2932 1999 |
| 100 | 3 |
_aالسيوطي، جلال الدين؛ تقديم وتحقيق ونعليق محمد زينهم محمد عزب, _eauthor _99200 |
|
| 245 | 0 | 0 | _aكتاب إحياء فضائل أهل البيت المعروف ب إحياء الميت بفضائل أهل البيت |
| 264 | 3 | 1 | _aالقاهرة: دار المعارف، 1999 |
| 300 | _a95ص | ||
| 336 |
_atext _btxt _2rdacontent |
||
| 337 |
_aunmediated _bn _2rdamedia |
||
| 338 |
_avolume _bnc _2rdacarrier |
||
| 490 | 0 | _aذخائر العرب76 | |
| 650 | 4 |
_aالاسلام - اهل البيت _99201 |
|
| 999 |
_aA1177 _c4745 _d4745 |
||